A Troubled Mind - Noah Kahan (All Lyrics) - Statistics

General Stats
  • This quiz has been taken 70 times
    66 since last reset
  • The average score is 288 of 318
Answer Stats
Lyrics % Correct
a
100%
back
100%
for
100%
I
100%
I'll
100%
in
100%
In
100%
it
100%
It
100%
love,
100%
makes
100%
me
100%
mind
100%
my
100%
My
100%
Oh,
100%
ooh,
100%
sad
100%
so
100%
the
100%
time
100%
to
100%
To
100%
troubled
100%
you,
100%
you
100%
alone
95%
And
95%
break
95%
could
95%
die
95%
ease
95%
every
95%
everything
95%
eyes
95%
grow
95%
half
95%
head,
95%
head
95%
if
95%
is
95%
know
95%
no
95%
old
95%
see
95%
snow
95%
spent
95%
sun,
95%
takes
95%
this
95%
through
95%
told
95%
worry
95%
worrying
95%
yes,
95%
young
95%
I'd
90%
On
90%
on
90%
some
90%
that
90%
there
90%
worried
90%
advice
85%
can't
85%
heart
85%
how
85%
of
85%
say
85%
was
85%
while
85%
with
85%
You'd
85%
Ah
80%
fear
80%
sell
80%
something
80%
understand
80%
hope
75%
out
75%
their
75%
took
75%
where
75%
all
70%
hopes
70%
let
70%
lie
70%
quickly
70%
saw
70%
sense
70%
strangers'
70%
bus
65%
city
65%
dog
65%
find
65%
Guess
65%
kids
65%
lining
65%
live
65%
sight
65%
silver
65%
single
65%
they'd
65%
asleep
60%
cannot
60%
conversations
60%
Eavesdropped
60%
last
60%
making
60%
maybe
60%
sadly
60%
times
60%
Well,
60%
year
60%
clear
55%
Cloudy
55%
just
55%
passed
55%
relevant
55%
though
55%
became
50%
brain's
50%
counting
50%
started
50%
suddenly
50%
amplified
45%
mile
40%
No matching quizzes found
Score Distribution
Percent of People with Each Score
Percentile by Number Answered
Your Score History
You have not taken this quiz since the last reset